| 000 | 00596nac a22001811u 4500 | ||
|---|---|---|---|
| 010 | _a 65015282 | ||
| 082 | 0 | 0 |
_a669.724 _bHAU |
| 090 |
_c6542 _d6542 |
||
| 100 | _aHausner, Henry Herman, | ||
| 245 | 1 | 0 |
_aBeryllium, its metallurgy and properties, _cedited by Henry H. Hausner. |
| 260 |
_aBerkeley, _bUniversity of California Press,1965 _c1965. |
||
| 300 |
_a322 p. _bill. _c24 cm. |
||
| 500 | _adistributer: Al-Ahram | ||
| 504 | _aIncludes bibliographical references. | ||
| 511 | _acatalogued by: wessam | ||
| 650 | 0 | _aBeryllium. | |
| 942 |
_cBB _k669.724HAU |
||
| 999 |
_c6542 _d6542 |
||